|
|
|
|
| LEADER |
00000nab a2200000 a 4500 |
| 001 |
vtls000720483 |
| 003 |
SK-MaSNL |
| 005 |
20260304121243.0 |
| 008 |
250429c2000 xo 0 slo |
| 015 |
|
|
|a SNBRB2000/04-10217
|
| 035 |
|
|
|a CLN000072650
|
| 035 |
|
|
|a urn:nbn:sk:snk-ab6m06
|
| 035 |
|
|
|a (uuid)4b0f0869-9249-4553-b5ba-5b5e8d2b82bb
|
| 035 |
|
|
|a (urnnbn)urn:nbn:sk:snk:ar-005gz0
|
| 035 |
|
|
|a (sysno)vtls000720483
|
| 040 |
|
|
|a SNKBUCL
|b slo
|c SNKBUCL
|e AACR2
|
| 041 |
0 |
|
|a slo
|
| 044 |
|
|
|a xo
|c SK
|
| 080 |
|
|
|a 61-051
|2 1997
|
| 080 |
|
|
|a 617.5
|2 1997
|
| 080 |
|
|
|a 959 Paškan, Ján
|2 1997
|
| 245 |
0 |
0 |
|a Doc. MUDr. Ján Paškan, CSc. - jubilant
|
| 600 |
1 |
7 |
|a Paškan, Ján,
|d 1940-
|2 snkbucl
|9 21695
|
| 655 |
|
7 |
|a články z novín a časopisov
|2 snkbucl
|9 267496
|
| 773 |
0 |
|
|t Lekársky obzor
|g Roč. 49, č. 3 (2000), s. 111
|x 0457-4214
|
| 850 |
|
|
|a Slovenská národná knižnica
|
| 852 |
|
|
|a Slovenská národná knižnica
|
| 954 |
|
|
|a odborná, vedecká literatúra pôvodná (slovenská)
|2 lita
|
| 958 |
|
|
|a article2022
|
| 958 |
|
|
|a OND
|
| 958 |
|
|
|a MI
|
| 958 |
|
|
|a BX
|
| 958 |
|
|
|a SK
|
| 958 |
|
|
|a EUIPO
|
| 992 |
|
|
|a RBX
|
| 999 |
|
|
|c 2884113
|d 2886043
|